000 00727nam a22002175i 4500
001 177844
003 ES-MaACL
005 20230906220429.0
008 110503s1999 sp |||| | spa d
020 _a84-95192-19-5
080 _a821.134.2-14"19"
100 1 _aGarcía Ureta, Íñigo.
_9146336
245 1 0 _aInsol(v)encias /
_cÍñigo García-Ureta.
260 _aCuenca :
_bDiputación Provincial de Cuenca, Departamento de Cultura, Sección de Publicaciones,
_cD. L. 1999.
300 _a55 p. ;
_c21 cm.
490 1 _aColección Federico Muelas
500 _aFinalista Premio Alfonso VIII de Poesía, 1998.
830 0 _aColección Federico Muelas
_9190610
852 _aES-MaACL
_j2296-F-9
999 _c177844
_d177844